[Event "GRE-ch U16"]
[Site "Chania"]
[Date "2003.04.22"]
[Round "4"]
[White "Kotronakis, Georgios"]
[Black "Nihlos, M."]
[Result "0-1"]
[WhiteElo "1615"]
[BlackElo "1500"]
[PlyCount "70"]
[EventDate "2003.04.??"]
[EventType "swiss"]
[EventRounds "7"]
[EventCountry "GRE"]
[SourceTitle "EXT 2005"]
[Source "ChessBase"]
[SourceDate "2004.11.15"]
[SourceVersion "1"]
[SourceVersionDate "2004.11.15"]
[SourceQuality "1"]

1. e4 c5 2. Nf3 d6 3. d4 cxd4 4. Nxd4 Nf6 5. Nc3 e6 6. Bg5 Be7 7. f4 Qc7 8. Qf3 a6 9. 0-0-0 Nbd7 10. g4 b5 11. Bxf6 Nxf6 12. g5 Nd7 13. h4 b4 14. Nce2 Bb7 15. Ng3 Rc8 16. Rd2 Nc5 17. Bh3 Qa5 18. a3 bxa3 19. Qxa3 Qxa3 20. bxa3 Nxe4 21. Nxe4 Bxe4 22. Re1 d5 23. Kb2 Bxa3+ 24. Ka2 Bb4 25. c3 Rxc3 26. Red1 Rxh3 27. Rf2 0-0 28. Nb3 Rc8 29. h5 Rcc3 30. Rb2 Bc2 31. Rc1 Bxb3+ 32. Rxb3 Rh2+ 33. Kb1 Rxb3+ 34. Ka1 Bc3+ 35. Rxc3 Rxc3 0-1